Tú Mỡ toàn tập Bốn tập Tập 4

Giới thiệu các nghiên cứu, tiểu luận của nhà thơ tú Mỡ, những bài thơ chưa in thành tập của ông. hồi ức của gia đình nhà thơ Tú Mỡ

محفوظ في:
التفاصيل البيبلوغرافية
المؤلف الرئيسي: Tú Mỡ
مؤلفون آخرون: Lữ Huy Nguyên (Sưu tầm, biên soạn), Hồ Quốc Cường (Sưu tầm, biên soạn), Thanh Loan (Sưu tầm, biên soạn)
التنسيق: كتاب
اللغة:Vietnamese
منشور في: H. Văn học 1996
سلاسل:Văn học hiện đại Việt Nam
الموضوعات:
الوسوم: إضافة وسم
لا توجد وسوم, كن أول من يضع وسما على هذه التسجيلة!
Thư viện lưu trữ: Mạng thư viện Đại học Đà Nẵng
LEADER 01578nam a2200409 4500
001 000005591
003 1736
005 20120423080429.0
008 110817s1996 viesd
020 |c 000đ 
041 0 |a vie 
082 |a 895.9221  |b TU-M 
100 0 |a Tú Mỡ 
245 1 0 |a Tú Mỡ toàn tập  |b Bốn tập  |c Lữ Huy Nguyên, Hồ Quốc Cường, Thanh Loan sưu tầm và b.s  |n Tập 4 
260 |a H.  |b Văn học  |c 1996 
300 |a 758 tr : ảnh  |c 21 cm 
490 |a Văn học hiện đại Việt Nam 
504 |a Tập 4 
520 |a Giới thiệu các nghiên cứu, tiểu luận của nhà thơ tú Mỡ, những bài thơ chưa in thành tập của ông. hồi ức của gia đình nhà thơ Tú Mỡ 
653 |a Nghiên cứu văn học 
653 |a Việt Nam 
653 |a Thơ trào phúng 
700 |a Lữ Huy Nguyên  |e Sưu tầm, biên soạn 
700 |a Hồ Quốc Cường  |e Sưu tầm, biên soạn 
700 |a Thanh Loan  |e Sưu tầm, biên soạn 
773 |t Tú Mỡ toàn tập  |w 1727 
910 |a Nguyễn Thị Kim Oanh  |d 17/08/2011 
OWN |a LSP 
AVA |a UDN50  |b LSP  |d 895.9221 TU-M  |e available  |t Error 5001 Not defined in file expand_doc_bib_avail.  |f 2  |g 0  |h N  |i 0  |k 1 
999 |a From the UDN01 
AVA |a UDN50  |b LSP  |d 895.9221 TU-M  |e available  |t Error 5001 Not defined in file expand_doc_bib_avail.  |f 2  |g 0  |h N  |i 0  |k 1 
TYP |a Monograph 
TYP |a Printed language 
980 |a Mạng thư viện Đại học Đà Nẵng